000 00604nam a22002057a 4500
005 20251108175219.0
008 250721s2001 xx 000 0 ara d
020 _a9960208060
082 1 4 _aم/ط/531.1/دكس
100 1 _aدكسون، مالكوم
245 1 0 _aالقوة و الحركة /
264 1 _aالرياض :
_bمكتبة العبيكات،
_c2001.
300 _a30 ص.
490 0 _aعلماء صغار يبتكرون
650 1 7 _aالقوة
650 1 7 _aالحركة
653 _aاطفال مرحلة متوسطة (6-9) سنوات
942 _2ddc
_cREF
999 _c128869
_d128869